000 00567nam a2200193Ia 4500
008 240729s9999 xx 000 0 und d
022 _a2688-5255
245 0 _aJournal of Social Computing
260 _aChina
260 _bTsinghua University Press
650 _a Electronic computers. Computer science | Social Sciences
650 _a Instruments and machines
650 _a Mathematics
650 _a Social sciences (General)
650 _aScience
856 _uhttps://doaj.org/toc/29cddd649fd541d0a198a5ccdd119750
942 _2ddc
942 _cDOAJEJ
999 _c68903
_d68903
945 _a1
_bMadushi Gamage
_c1
_dMadushi Gamage